| 000 | 00382nam a2200145Ia 4500 | ||
|---|---|---|---|
| 008 | 210210b1996 xxu||||| |||| 00| 0 eng d | ||
| 082 | _a181.4 KRIE | ||
| 100 | _aKRISHNAMURTI (J) and BOHM (David). | ||
| 245 | _aEnding of time. | ||
| 260 |
_aMadras _bKrishnamurti Foundation Trust Ltd _c1996 |
||
| 300 | _a268 | ||
| 650 | _aTime | ||
| 690 | _aIndian Philosophy | ||
| 906 | _aSG03375 | ||
| 999 |
_c114101 _d114101 |
||